00837nam a2200229 a 450000100100000000500170001000800410002702000150006804000250008308200180010810000400012624500460016626000620021230000200027449000490029465000270034365000310037083000580040104900090045995201220046899900170059000002382120200930022506.0110113s1992 sp r 000 d spa d a8487583067 aDO-SdBNPbspacBNPHU a862.64bM722d1 aMolina Foix, Vicente,d1946-92308510aDon Juan Último /cVicente Molina Foix. aMadrid, (España) :bCentro Dramático Nacional,c1992. a74 p. ;c20 cm.1 aPublicaciones Centro dramático nacionalv8 4aTeatro español93071 4aLiteratura española9632 0aPublicaciones Centro dramático nacional ;v8949030 aBNGR 001054708MOaGRbGRcCTd2011-01-13iLF1l0o862.64 M722dp23821-10r2020-06-25w2020-06-25y4ZPréstamo en sala c23317d23317